000 00892nam a2200265Ia 4500
003 OSt
005 20220925203419.0
006 a|||||r|||| 00| 0
007 ta
008 220923b |||||||| |||| 00| 0 eng d
020 _c739.51999999999998
037 _bRKBA/ 09-10/ 4673, 12/07/2012, RAJKIRAN BOOK AGENCY
_cGeneral Book
040 _aRTL
_cRTL
_beng
041 _2eng
_aeng
082 _aY:1, P2
100 _aGaonkar Dilip Parameshwar
_9265917
245 0 _aPublic culture
_b Society for transnational cultural studies
260 _aDurham
_bDuke University Press
_c2002
300 _ax, 279p.
_ccm.
490 _vvol 14 no 1 winter 2002
650 _aSociology
700 _a Lee Benjamin
_9265918
942 _hY:1, P2
_cGB
_2CC
999 _c546319
_d546319